I'M A FUTURE MARINE BIOLOGIST!

Bibliographic Details
Main Author: Nayak, Manisha (Author)
Other Authors: Ong, Eliz (Illustrator)
Format: Book
Language:English
Published: New Jersey : WS Education [2022]
Series:World Of Science
Subjects:

MARC

LEADER 00000cam a2200000 7i4500
001 0000149892
005 20231117.0
008 231116s2022 xxua x k eng
020 |a 9789811262075 
040 |a PERPUSTAM   |b eng   |c PERPUSTAM   |e rda 
041 |a eng 
090 0 0 |a J 578.77092   |b NAY 
100 1 |a Nayak, Manisha ,   |e author 
245 1 0 |a I'M A FUTURE MARINE BIOLOGIST!   |c Written By Manisha Mayak ; Illustrated By Eliz Ong 
264 1 |a New Jersey :   |b WS Education   |c [2022] 
300 |a 55 pages :   |b colour illustrations ;   |c 23 cm. 
336 |a text  |2 rdacontent 
337 |a unmediated  |2 rdamedia 
338 |a volume  |2 rdacarrier 
490 1 |a World Of Science 
650 1 0 |a Marine BiologistxJuvenile literature 
650 2 0 |a Marine Biology   |x Juvenile literature. 
700 1 |a Ong, Eliz ,   |e illustrator 
999 |a 0000774897   |b Buku   |c Koleksi Pinjaman Kanak-Kanak   |e Perbadanan Perpustakaan Awam Melaka 
999 |a 0000774898   |b Buku   |c Koleksi Pinjaman Kanak-Kanak   |e Perbadanan Perpustakaan Awam Melaka 
999 |a 0000774899   |b Buku   |c Koleksi Pinjaman Kanak-Kanak   |e Perpustakaan Cawangan Jasin 
999 |a 0000774900   |b Buku   |c Koleksi Pinjaman Kanak-Kanak   |e Perpustakaan Cawangan Masjid Tanah 
999 |a 0000774901   |b Buku   |c Koleksi Pinjaman Kanak-Kanak   |e Perpustakaan Cawangan Merlimau